[Event "Olympiad-44"]
[Site "Chennai"]
[Date "2022.08.07"]
[Round "9.1"]
[White "Al Maashani, Amer Said"]
[Black "Ziska, Helgi Dam"]
[Result "1/2-1/2"]
[WhiteElo "1947"]
[BlackElo "2549"]
[PlyCount "101"]
[EventDate "2022.07.29"]
[EventType "team-swiss"]
[EventRounds "11"]
[EventCountry "IND"]
[SourceTitle "CBM 210"]
[Source "ChessBase"]
[SourceDate "2022.10.31"]
[SourceVersion "1"]
[SourceVersionDate "2022.10.31"]
[SourceQuality "1"]
[WhiteTeam "Oman"]
[BlackTeam "Faroe Islands"]
[WhiteTeamCountry "OMN"]
[BlackTeamCountry "FAI"]

1. d4 Nf6 2. c4 g6 3. Nc3 Bg7 4. e4 d6 5. h3 Nbd7 6. Be3 e5 7. d5 Nc5 8. Qc2 a5 9. Nf3 0-0 10. g4 h5 11. g5 Nfd7 12. Be2 c6 13. 0-0-0 a4 14. dxc6 bxc6 15. Rxd6 Qc7 16. Rhd1 Re8 17. Nh4 Ne6 18. Rxe6 Rxe6 19. c5 a3 20. Bc4 axb2+ 21. Kb1 Nf8 22. Nf5 Re8 23. Nd6 Re7 24. Na4 Bxh3 25. Nb6 Rb8 26. Qb3 Bg4 27. f3 Be6 28. a4 Bxc4 29. Qxc4 Ne6 30. a5 Bf8 31. Bf2 Qa7 32. a6 Rc7 33. Rd2 h4 34. Be3 h3 35. Rh2 Nxc5 36. Bxc5 Bxd6 37. Nd7 Bxc5 38. Nf6+ Kf8 39. Rxh3 Ba3 40. Rh1 Qe3 41. Rh8+ Kg7 42. Rh7+ Kf8 43. Rh8+ Ke7 44. Nd5+ cxd5 45. Qxc7+ Ke6 46. Qc6+ Bd6 47. Re8+ Rxe8 48. Qxe8+ Be7 49. Qc6+ Bd6 50. Qe8+ Be7 51. Qc6+ 1/2-1/2

[Event "OMA-ch"]
[Site "Muscat"]
[Date "2022.02.16"]
[Round "8"]
[White "Salim Issa, Ali Shamas"]
[Black "Al Maashani, Amer Said"]
[Result "1/2-1/2"]
[WhiteElo "1842"]
[BlackElo "1960"]
[PlyCount "63"]
[EventDate "2022.02.10"]
[EventType "swiss"]
[EventRounds "9"]
[EventCountry "OMN"]
[SourceTitle "EXT 2023"]
[Source "ChessBase"]
[SourceDate "2022.10.05"]
[SourceVersion "1"]
[SourceVersionDate "2022.10.05"]
[SourceQuality "1"]

1. d4 d5 2. Nf3 Nf6 3. Bf4 c5 4. e3 Nc6 5. dxc5 e6 6. h3 Bxc5 7. c3 Bd6 8. Bxd6 Qxd6 9. Be2 0-0 10. Nbd2 e5 11. 0-0 e4 12. Nd4 Nxd4 13. cxd4 Bd7 14. Qb3 b6 15. Rac1 Rac8 16. Bb5 Bxb5 17. Qxb5 Rc7 18. Qa6 Qd7 19. Rc3 Rxc3 20. bxc3 Qc8 21. Qxc8 Rxc8 22. Rc1 b5 23. Kf1 Kf8 24. Ke2 Ke7 25. Rb1 Rxc3 26. Rxb5 Ra3 27. Rb2 Nd7 28. Nb1 Ra5 29. Nc3 Nb6 30. Rb5 Ra3 31. Rb3 Ra5 32. Rb5 1/2-1/2

[Event "OMA-ch"]
[Site "Muscat"]
[Date "2022.02.12"]
[Round "3"]
[White "Al Busafi, Khalid"]
[Black "Al Maashani, Amer Said"]
[Result "0-1"]
[WhiteElo "1603"]
[BlackElo "1960"]
[PlyCount "84"]
[EventDate "2022.02.10"]
[EventType "swiss"]
[EventRounds "9"]
[EventCountry "OMN"]
[SourceTitle "EXT 2023"]
[Source "ChessBase"]
[SourceDate "2022.10.05"]
[SourceVersion "1"]
[SourceVersionDate "2022.10.05"]
[SourceQuality "1"]

1. d4 Nf6 2. c4 d6 3. Nc3 Bf5 4. Qb3 Qc8 5. Nf3 c6 6. Bg5 Nbd7 7. e3 e5 8. Bxf6 gxf6 9. e4 Bg4 10. Be2 f5 11. 0-0-0 Qc7 12. Nh4 Bxe2 13. Nxe2 fxe4 14. Nc3 exd4 15. Nxe4 d5 16. Nd2 0-0-0 17. Kb1 Nc5 18. Qf3 Bh6 19. Nb3 Nxb3 20. Qxb3 dxc4 21. Qxc4 Qf4 22. Nf3 Bg7 23. Rd3 Rd5 24. Rc1 Rhd8 25. g3 Qf5 26. Rc2 Re8 27. a3 Qe4 28. Ka2 Qe6 29. Rcd2 Rd7 30. Qxe6 fxe6 31. Nxd4 Red8 32. Nxe6 Rxd3 33. Rxd3 Rxd3 34. Nxg7 Rf3 35. h4 Kd7 36. Nh5 Ke6 37. Nf4+ Kf5 38. Nh3 h6 39. Nf4 Rxf2 40. Nd3 Rf3 41. Nc5 b6 42. Nb3 Rd3 0-1

[Event "OMA-ch"]
[Site "Muscat"]
[Date "2022.02.12"]
[Round "4"]
[White "Al Maashani, Amer Said"]
[Black "Al Amri, Mahad"]
[Result "1-0"]
[WhiteElo "1960"]
[BlackElo "1596"]
[PlyCount "111"]
[EventDate "2022.02.10"]
[EventType "swiss"]
[EventRounds "9"]
[EventCountry "OMN"]
[SourceTitle "EXT 2023"]
[Source "ChessBase"]
[SourceDate "2022.10.05"]
[SourceVersion "1"]
[SourceVersionDate "2022.10.05"]
[SourceQuality "1"]

1. e4 c6 2. Ne2 d5 3. e5 Bg4 4. f3 Bd7 5. d4 e6 6. c4 dxc4 7. Nbc3 Bb4 8. Ng3 b5 9. a3 Bxc3+ 10. bxc3 f5 11. a4 Ne7 12. Ba3 Nd5 13. f4 Qh4 14. Qh5+ Qxh5 15. Nxh5 Kf7 16. Kd2 g6 17. Nf6 Nxf6 18. exf6 Kxf6 19. Bd6 Kf7 20. Be2 a5 21. Bf3 Ra6 22. Bc5 Bc8 23. Rhb1 Nd7 24. axb5 cxb5 25. Rxb5 Nxc5 26. Rxc5 Bd7 27. Raxa5 Rxa5 28. Rxa5 Rb8 29. Ra7 Ke8 30. Rc7 Rc8 31. Rc5 Ke7 32. Be2 Rxc5 33. dxc5 Bc6 34. Ke3 Bxg2 35. Kd4 Bd5 36. h4 h6 37. Ke5 Kf7 38. Kd6 Kf6 39. c6 g5 40. c7 Bb7 41. hxg5+ hxg5 42. fxg5+ Kxg5 43. Kxe6 Kf4 44. Bxc4 Ke4 45. Kd7 Ke5 46. c8Q Bxc8+ 47. Kxc8 Kd6 48. Bf1 Kc6 49. Kd8 Kd6 50. Ke8 Ke6 51. Kf8 Kf6 52. Kg8 f4 53. c4 f3 54. Kh7 f2 55. Kh6 Kf5 56. Kh5 1-0

[Event "Arab-ch"]
[Site "Dubai"]
[Date "2018.12.03"]
[Round "7"]
[White "Al Maashani, Amer Said"]
[Black "Ali, Abdulaziz"]
[Result "0-1"]
[WhiteElo "2048"]
[BlackElo "1967"]
[PlyCount "94"]
[EventDate "2018.11.28"]
[EventType "swiss"]
[EventRounds "9"]
[EventCountry "UAE"]
[SourceTitle "CBM 187 Extra"]
[Source "ChessBase"]
[SourceDate "2018.11.04"]
[SourceVersion "1"]
[SourceVersionDate "2018.11.04"]
[SourceQuality "1"]

1. e4 e6 2. d4 d5 3. Nc3 dxe4 4. Nxe4 Nd7 5. Nf3 Ngf6 6. Nxf6+ Nxf6 7. Ne5 Be7 8. Bd3 0-0 9. 0-0 c5 10. dxc5 Bxc5 11. Bg5 Qc7 12. Bxf6 gxf6 13. Qh5 f5 14. Qg5+ Kh8 15. Qf6+ Kg8 16. Rae1 Qe7 17. Qh6 f6 18. Nf3 Qg7 19. Qf4 Kh8 20. Qc4 Bb6 21. Nd4 Rg8 22. g3 f4 23. Kg2 Bxd4 24. Qxd4 e5 25. Qc3 Be6 26. Bc4 Rac8 27. Bxe6 Rxc3 28. bxc3 Re8 29. Bd5 Rc8 30. Rb1 b6 31. c4 Qg6 32. Rfc1 e4 33. Rb3 f3+ 34. Kh1 Qh6 35. Rd1 Qh3 36. Rg1 Re8 37. Re3 f5 38. a4 h5 39. Bf7 Re7 40. Bd5 Kg7 41. a5 Kf6 42. axb6 axb6 43. c5 Ra7 44. Ree1 bxc5 45. Rb1 Rd7 46. Rb6+ Kg7 47. Bc4 Rd1 0-1